| 000 | 00749nam a22002055i 4500 | ||
|---|---|---|---|
| 001 | 158119 | ||
| 003 | ES-MaACL | ||
| 005 | 20250809024232.0 | ||
| 008 | 040823s1885 be |||| | fre d | ||
| 040 |
_aCAM _bspa _cCAM |
||
| 100 | 1 |
_aLorimer, J. _9129081 |
|
| 245 | 1 | 0 |
_aPrincipes de droit international / _cpar J. Lorimer; traduit de l'anglais par Ernest Nys. |
| 260 |
_aBruxelles : _bLibrairie C. Muquart ; _aParis : _bLibrairie A. Maresq ainé, _c1885 ( _eBruxelles : _fP. Weissenbruch) |
||
| 300 |
_aXIX, 371 p. ; _c22 cm. |
||
| 650 | 7 |
_aDerecho internacional _2embne _911717 |
|
| 700 | 1 | 1 |
_aNys, Ernest, _etrad. _986269 |
| 752 |
_aBélgica - _dBruselas |
||
| 852 |
_aES-MaACL _jC-3259 _z-- Enc. pasta española |
||
| 999 |
_c158119 _d158119 |
||